Quiz by ChatGPT #3 - Scientists - Statistics

General Stats
  • This quiz has been taken 6 times
  • The average score is 11 of 20
Answer Stats
Question Answer % Correct
Who was the first person to observe microorganisms under a microscope and is considered the father of microbiology? Antonie van Leeuwenhoek
100%
Which scientist developed the theory of evolution by natural selection? Charles Darwin
100%
Which chemist is known for creating the periodic table of elements and organizing them based on atomic number? Dmitri Mendeleev
100%
Who is known as the father of modern physics and formulated the laws of motion and universal gravitation? Isaac Newton
100%
Who was the first woman to win a Nobel Prize and is known for her research on radioactivity? Marie Curie
100%
Which scientist proposed the heliocentric model of the solar system, asserting that the Earth revolves around the Sun? Nicolaus Copernicus
100%
Which American inventor is known for inventing the electric light bulb, the phonograph, and the motion picture camera? Thomas Edison
100%
Who invented the first successful airplane, making the first controlled, powered flight in 1903? Wright brothers
100%
Which physicist is known for his work on the photoelectric effect and won the Nobel Prize in Physics in 1921? Albert Einstein
50%
Who discovered the structure of the benzene molecule and proposed the ring structure in organic chemistry? August Kekulé
50%
Which physicist discovered the electron and is considered one of the founders of quantum mechanics? J.J. Thomson
50%
Which scientist developed the theory of quantum mechanics, showing that energy is quantized? Max Planck
50%
Which famous scientist developed the uncertainty principle, a fundamental concept in quantum mechanics? Werner Heisenberg
50%
Who is credited with discovering the circulation of blood in the human body? William Harvey
50%
Who discovered the laws of planetary motion, which were later used to formulate the theory of gravitation? Isaac Newton
0%
Which scientist is famous for his research in the field of behaviorism and is known for the "Little Albert" experiment? John B. Watson
0%
Who developed the first successful polio vaccine in 1955? Jonas Salk
0%
Which biologist developed the germ theory of disease, which laid the foundation for modern medicine? Louis Pasteur
0%
Which physicist is known for his work on electromagnetic induction and for the invention of the electric motor? Michael Faraday
0%
Who is credited with developing the first synthetic dye and laying the groundwork for the field of organic chemistry? William Perkin
0%
No matching quizzes found
Score Distribution
Percent of People with Each Score
Percentile by Number Answered
Your Score History
You have not taken this quiz